[Event "TUR-ch Seniors 65"]
[Site "Ankara"]
[Date "2023.05.24"]
[Round "6"]
[White "Aksu, Mumin"]
[Black "Suzan, Mehmet"]
[Result "0-1"]
[WhiteElo "1532"]
[BlackElo "1471"]
[PlyCount "110"]
[EventDate "2023.05.19"]
[EventType "swiss"]
[EventRounds "9"]
[EventCountry "TUR"]
[SourceTitle "CBM 214 Extra"]
[Source "ChessBase"]
[SourceDate "2023.07.31"]
[SourceVersion "1"]
[SourceVersionDate "2023.07.31"]
[SourceQuality "1"]

1. e4 c5 2. c3 g6 3. Nf3 Bg7 4. Bc4 e6 5. Qe2 d6 6. 0-0 Nc6 7. Rd1 Nf6 8. d4 cxd4 9. cxd4 Qc7 10. Nc3 a6 11. a4 0-0 12. h3 b6 13. Bg5 Na5 14. Ba2 Bb7 15. Rac1 Qb8 16. Qe3 b5 17. axb5 axb5 18. Nd2 b4 19. Ne2 Ba6 20. Ng3 Qb6 21. Nf3 b3 22. Bb1 Nc4 23. Qe2 d5 24. e5 Nd7 25. Bd3 Rfc8 26. Bxc4 Rxc4 27. Rxc4 Bxc4 28. Qd2 Ra2 29. Qc3 Bf8 30. Qc1 Qa6 31. Kh2 Nb6 32. Bh6 Qa8 33. Nh5 Nd7 34. Bxf8 Qxf8 35. Nf4 Qh6 36. h4 Nb6 37. Kg3 Na4 38. Rd2 Qf8 39. h5 Qh6 40. hxg6 hxg6 41. Nh3 Rxb2 42. Nf4 Rxd2 43. Qxd2 b2 44. Nxd5 Qxd2 45. Nf6+ Kf8 46. Nxd2 Bd3 47. d5 exd5 48. Nxd5 b1Q 49. Nxb1 Bxb1 50. Kf4 Nc5 51. Kg5 Ne4+ 52. Kh6 Nxf2 53. Kg5 Be4 54. Nf4 Nd3 55. Kf6 Nxf4 0-1

[Event "IBCA-ol blind 15th"]
[Site "Ohrid"]
[Date "2017.06.19"]
[Round "1.3"]
[White "Aksu, Mumin"]
[Black "Selkovski, Zarko"]
[Result "0-1"]
[WhiteElo "1741"]
[BlackElo "1922"]
[PlyCount "52"]
[EventDate "2017.06.19"]
[EventType "team-swiss"]
[EventRounds "9"]
[EventCountry "MKD"]
[SourceTitle "CBM 179 Extra"]
[Source "ChessBase"]
[SourceDate "2017.08.23"]
[SourceVersion "1"]
[SourceVersionDate "2017.08.23"]
[SourceQuality "1"]
[WhiteTeam "Turkey"]
[BlackTeam "Macedonia"]
[WhiteTeamCountry "TUR"]
[BlackTeamCountry "MKD"]

1. e4 c5 2. Nf3 e6 3. d4 cxd4 4. Nxd4 a6 5. c4 Nf6 6. f3 Qc7 7. Nc3 d6 8. Be3 b6 9. Qd2 Bb7 10. Be2 Nbd7 11. 0-0 g6 12. a4 Bg7 13. Kh1 0-0 14. Bh6 Rfd8 15. Bxg7 Kxg7 16. Rac1 Ne5 17. b3 h5 18. Nc2 Nfd7 19. Ne3 Nc5 20. Rb1 Ncd7 21. Nc2 Qc5 22. Qe3 Qc7 23. Nb4 Nc5 24. Nd3 Bc6 25. Nxc5 bxc5 26. Bd1 Rab8 0-1

[Event "IBCA-ol blind 14th"]
[Site "Chennai"]
[Date "2012.08.19"]
[Round "9.2"]
[White "Aksu, Mumin"]
[Black "Patel, Darshan"]
[Result "1/2-1/2"]
[WhiteElo "1905"]
[BlackElo "1811"]
[PlyCount "177"]
[EventDate "2012.08.10"]
[EventType "team-swiss"]
[EventRounds "9"]
[EventCountry "IND"]
[SourceTitle "CBM 149 Extra"]
[Source "ChessBase"]
[SourceDate "2012.08.24"]
[SourceVersion "1"]
[SourceVersionDate "2012.08.24"]
[SourceQuality "1"]
[WhiteTeam "Turkey"]
[BlackTeam "India II"]
[WhiteTeamCountry "TUR"]
[BlackTeamCountry "IND"]

1. e4 e6 2. d4 d5 3. e5 c5 4. c3 Nc6 5. Nf3 Qb6 6. Bd3 Bd7 7. dxc5 Bxc5 8. Qe2 a5 9. 0-0 Nge7 10. Nbd2 Ng6 11. Nb3 Be7 12. Be3 Qc7 13. Bxg6 hxg6 14. Bf4 Qb6 15. Be3 Qd8 16. Rfd1 a4 17. Nc5 b6 18. Nxd7 Qxd7 19. Bxb6 Qb7 20. Bd4 Na5 21. Rab1 0-0 22. Nd2 Bg5 23. Bc5 Rfc8 24. Bb4 Be7 25. Bxa5 Rxa5 26. a3 Rb5 27. c4 Rxb2 28. cxd5 exd5 29. Qd3 Rcc2 30. Rxb2 Rxb2 31. Qc3 Bg5 32. Nf3 Rb1 33. Rf1 Be7 34. Nd2 Rxf1+ 35. Kxf1 Qb5+ 36. Ke1 Qc5 37. Qxc5 Bxc5 38. Nb1 Bd4 39. f4 g5 40. g3 gxf4 41. gxf4 Be3 42. Nc3 Bxf4 43. Nxd5 Bxh2 44. e6 fxe6 45. Nb6 Bd6 46. Nxa4 Bxa3 47. Ke2 Bb4 48. Nb2 Kf7 49. Nd3 Bd6 50. Kf3 Kf6 51. Ke4 Kg5 52. Kf3 Kh4 53. Nf2 g5 54. Ne4 Bc5 55. Nf6 Bd4 56. Ng4 Bg7 57. Nf2 e5 58. Kg2 g4 59. Ne4 Bh6 60. Kh2 Kh5 61. Kg3 Bf4+ 62. Kg2 Kg6 63. Kf2 Kf5 64. Nd6+ Ke6 65. Ne4 Kf5 66. Nd6+ Kg5 67. Kg2 Kh4 68. Nf5+ Kg5 69. Nd6 Bc1 70. Kg3 Bf4+ 71. Kg2 Kh5 72. Ne4 Bg5 73. Kf2 Bh4+ 74. Ke3 Kg6 75. Nd6 Be7 76. Ne4 Bg5+ 77. Kf2 Kf5 78. Ng3+ Kf4 79. Nh5+ Kf5 80. Ng3+ Ke6 81. Ne4 Bh4+ 82. Ke3 Be7 83. Kf2 Kd5 84. Ke3 Bc5+ 85. Kd3 Kc6 86. Ke2 Be7 87. Kd3 Bh4 88. Ke3 Kd5 89. Nc3+ 1/2-1/2

[Event "IBCA-ol blind 14th"]
[Site "Chennai"]
[Date "2012.08.10"]
[Round "1.2"]
[White "Stachanczyk, Jacek"]
[Black "Aksu, Mumin"]
[Result "1-0"]
[WhiteElo "2256"]
[BlackElo "1905"]
[PlyCount "93"]
[EventDate "2012.08.10"]
[EventType "team-swiss"]
[EventRounds "9"]
[EventCountry "IND"]
[SourceTitle "CBM 149 Extra"]
[Source "ChessBase"]
[SourceDate "2012.08.24"]
[SourceVersion "1"]
[SourceVersionDate "2012.08.24"]
[SourceQuality "1"]
[WhiteTeam "Poland"]
[BlackTeam "Turkey"]
[WhiteTeamCountry "POL"]
[BlackTeamCountry "TUR"]

1. e4 e6 2. d4 d5 3. Nc3 Nf6 4. e5 Nfd7 5. f4 c5 6. Nf3 Nc6 7. Be3 cxd4 8. Nxd4 Nxd4 9. Bxd4 a6 10. Qd2 Qa5 11. Bd3 Nc5 12. 0-0 Nxd3 13. cxd3 Bc5 14. Qf2 b6 15. a3 Bxd4 16. Qxd4 b5 17. Qc5 Bb7 18. a4 Rc8 19. axb5 Rxc5 20. Rxa5 d4 21. Ne2 0-0 22. Nxd4 Rd5 23. bxa6 Bxa6 24. Rxd5 exd5 25. Rd1 Rb8 26. Rd2 Rb4 27. Ne2 Rb3 28. Nc1 Rb4 29. g3 h5 30. h4 g6 31. Kf2 Kf8 32. b3 Ke7 33. Ra2 Bb5 34. Ra7+ Ke6 35. Rb7 d4 36. Ke1 Kf5 37. Rxf7+ Kg4 38. Rb7 Kxg3 39. e6 Kxf4 40. e7 Kf5 41. Kd2 Kf6 42. Rxb5 Rxb5 43. e8Q Re5 44. Qd8+ Ke6 45. Qxd4 g5 46. hxg5 Rxg5 47. Ne2 1-0

[Event "Vilnius Braille op"]
[Site "Vilnius"]
[Date "2012.07.08"]
[Round "8"]
[White "Benkunskiene, Violeta"]
[Black "Aksu, Mumin"]
[Result "1-0"]
[WhiteElo "1638"]
[BlackElo "1912"]
[PlyCount "100"]
[EventDate "2012.07.02"]
[EventType "swiss"]
[EventRounds "9"]
[EventCountry "LTU"]
[SourceTitle "EXT 2014"]
[Source "ChessBase"]
[SourceDate "2013.11.20"]
[SourceVersion "1"]
[SourceVersionDate "2013.11.20"]
[SourceQuality "1"]

1. e4 e6 2. d4 d5 3. Nd2 Nf6 4. e5 Nfd7 5. Bd3 c5 6. c3 Nc6 7. Ne2 cxd4 8. cxd4 Bb4 9. 0-0 f5 10. exf6 Nxf6 11. Nf3 Bd6 12. Bg5 Bd7 13. Rc1 Qb6 14. a3 0-0-0 15. b4 Kb8 16. b5 Ne7 17. Ne5 Be8 18. a4 Rc8 19. Qb3 Ng6 20. a5 Qxa5 21. Ra1 Qc7 22. Qa2 b6 23. Rfc1 Qb7 24. Nc6+ Bxc6 25. bxc6 Qf7 26. Ba6 Rc7 27. Bb7 Rxb7 28. cxb7 Qxb7 29. Nc3 Rc8 30. Nb5 Rxc1+ 31. Bxc1 Ne8 32. h4 e5 33. Nxd6 Nxd6 34. dxe5 Nxe5 35. Bf4 Nec4 36. Qe2 Qf7 37. Bxd6+ Nxd6 38. Qe5 Qf6 39. Qxf6 gxf6 40. Rd1 a5 41. Rxd5 Kc7 42. Rh5 a4 43. Rxh7+ Kc6 44. Ra7 b5 45. h5 Ne4 46. h6 Ng5 47. f4 Kb6 48. fxg5 Kxa7 49. h7 a3 50. h8Q a2 1-0

[Event "IBCA Wch blind 10th"]
[Site "Istanbul"]
[Date "2002.11.25"]
[Round "6"]
[White "Aksu, Mumin"]
[Black "Gaponenko, Leonid"]
[Result "0-1"]
[WhiteElo "1800"]
[BlackElo "2165"]
[PlyCount "80"]
[EventDate "2002.11.20"]
[EventType "swiss"]
[EventRounds "9"]
[EventCountry "TUR"]
[SourceTitle "EXT 2004"]
[Source "ChessBase"]
[SourceDate "2003.11.25"]
[SourceVersion "1"]
[SourceVersionDate "2003.11.25"]
[SourceQuality "1"]

1. e4 c5 2. Nf3 Nc6 3. d4 cxd4 4. Nxd4 Nf6 5. Nc3 Qb6 6. Nb3 e6 7. Be3 Qc7 8. Nb5 Qb8 9. f3 d5 10. exd5 Nxd5 11. Bc1 a6 12. N5d4 Bd7 13. Nxc6 Bxc6 14. Be2 Bd6 15. c4 Bb4+ 16. Bd2 Ne3 17. Qc1 Nxg2+ 18. Kf2 Bxd2 19. Qxd2 Nf4 20. Rad1 Qe5 21. Bf1 0-0 22. Qe3 Qxb2+ 23. Rd2 Qf6 24. h4 Rad8 25. Nd4 e5 26. Nxc6 Rxd2+ 27. Qxd2 Qxc6 28. Bd3 Qf6 29. Be4 Rd8 30. Qb2 Qd6 31. Rb1 g6 32. Qc2 Qd4+ 33. Kg3 Qd2 34. Rb2 Qe1+ 35. Qf2 Qh1 36. Qh2 Nh5+ 37. Kg4 f5+ 38. Bxf5 gxf5+ 39. Kxh5 Qxf3+ 40. Kg5 Rd6 0-1

[Event "IBCA Wch blind 10th"]
[Site "Istanbul"]
[Date "2002.11.20"]
[Round "1"]
[White "Aksu, Mumin"]
[Black "Berlinsky, Vladimir"]
[Result "0-1"]
[WhiteElo "1800"]
[BlackElo "2380"]
[PlyCount "78"]
[EventDate "2002.11.20"]
[EventType "swiss"]
[EventRounds "9"]
[EventCountry "TUR"]
[SourceTitle "EXT 2004"]
[Source "ChessBase"]
[SourceDate "2003.11.25"]
[SourceVersion "1"]
[SourceVersionDate "2003.11.25"]
[SourceQuality "1"]

1. e4 c5 2. Nf3 d6 3. d4 cxd4 4. Nxd4 Nf6 5. Nc3 a6 6. a4 b6 7. Bg5 e6 8. Be2 Be7 9. Qd2 Bb7 10. Bf3 Ra7 11. 0-0 0-0 12. g3 Nbd7 13. Bxf6 Nxf6 14. Rad1 Ba8 15. Rfe1 Nd7 16. Bg2 Rc7 17. Nde2 Bb7 18. f4 Qa8 19. Nd4 Rfc8 20. Nb3 Bf8 21. h3 g6 22. Re2 Nc5 23. Kh2 Nxb3 24. cxb3 Bc6 25. Qd3 Qb7 26. Red2 b5 27. axb5 axb5 28. Ra1 b4 29. Ne2 f5 30. Nd4 fxe4 31. Qe3 Bd5 32. Rad1 Bg7 33. Re1 e5 34. Ne2 Bf8 35. Red1 Bc6 36. fxe5 dxe5 37. Rd8 Qa8 38. Qg5 Rf7 39. Rxc8 Qxc8 0-1

[Event "IBCA EU-ch blind 02nd"]
[Site "Krynica"]
[Date "1999.??.??"]
[Round "9"]
[White "Vonrueden, Tanja"]
[Black "Aksu, Mumin"]
[Result "1-0"]
[WhiteElo "1655"]
[BlackElo "1855"]
[PlyCount "71"]
[EventDate "1999.07.04"]
[EventType "swiss"]
[EventRounds "9"]
[EventCountry "POL"]
[SourceTitle "EXT 2000"]
[Source "ChessBase"]
[SourceDate "1999.11.16"]
[SourceVersion "1"]
[SourceVersionDate "1999.11.16"]
[SourceQuality "1"]

1. d4 d5 2. Nf3 c6 3. Bf4 Bf5 4. e3 Nd7 5. Nbd2 Ngf6 6. h3 Ne4 7. Ne5 e6 8. c3 Nxe5 9. Bxe5 f6 10. Bh2 Bd6 11. Bxd6 Qxd6 12. Nf3 g5 13. Be2 0-0-0 14. Qa4 Kb8 15. Nd2 h5 16. Nxe4 Bxe4 17. Bf3 Bxf3 18. gxf3 g4 19. f4 e5 20. fxe5 fxe5 21. dxe5 Qxe5 22. Qd4 Qf5 23. hxg4 Qf3 24. Rh2 Rde8 25. Kd2 c5 26. Qxc5 hxg4 27. Qd6+ Ka8 28. Rg1 Rxh2 29. Qxh2 Qe4 30. Qf4 a6 31. Qxg4 Qe7 32. Qd4 Qf7 33. Qf4 Qd7 34. Qd4 Qf5 35. f4 Re4 36. Rg8+ 1-0